Poetry in our time ; a review of contemporary values.

Bibliographic Details
Main Author: Devaney, James, 1890-
Format: Book
Language:English
Published: [Carlton] : Melbourne University Press, [1952]
Subjects:

MARC

Tag First Indicator Second Indicator Subfields
LEADER 00000cam a2200000 4500
001 in00000026362
005 20151007061240.0
008 761109s1952 at 00000 eng c
010 |a a 52008250  
035 |a (OCoLC)02547896 
035 |9 AAD1557AM 
040 |a DLC  |c PJC  |d TXA  |d UtOrBLW 
049 |a TXAM  |c [217817] 
050 0 |a PR604  |b .D4 
092 |a 808.1  |b D488p 
100 1 |a Devaney, James,  |d 1890- 
245 1 0 |a Poetry in our time ;  |b a review of contemporary values. 
264 1 |a [Carlton] :  |b Melbourne University Press,  |c [1952] 
300 |a xiii, 114 pages ;  |c 22 cm. 
336 |a text  |b txt  |2 rdacontent 
337 |a unmediated  |b n  |2 rdamedia 
338 |a volume  |b nc  |2 rdacarrier 
650 0 |a Poetry, Modern  |y 20th century  |x History and criticism. 
999 |a MARS 
999 f f |s 9f71bb1a-9e08-3306-89cf-a65a400e2b64  |i e23ad01d-0efc-3f26-971a-5d713558225f  |t 0 
952 f f |p ric  |a Texas A&M University  |b Rellis Campus  |c Joint Library Facility  |d Remote Storage  |t 0  |e PR604 .D4  |h Library of Congress classification  |i unmediated -- volume  |m A14801196283 
998 f f |a PR604 .D4  |t 0  |l Remote Storage